| 000 | 01473nam a22003257a 4500 | ||
|---|---|---|---|
| 999 |
_c14408 _d14408 |
||
| 003 | EG-ScBUE | ||
| 005 | 20200118111657.0 | ||
| 008 | 100706s1998 ua a f b 001 0 ara d | ||
| 020 | _a9772051001 | ||
| 040 |
_aEG-ScBUE _bara _erda _cEG-ScBUE _dEG-ScBUE |
||
| 082 | 0 | 4 |
_a492.7 _bد ر س _222 |
| 100 | 1 |
_aابن درستويه، عبد الله بن جعفر، _d258-347 هـ.، _eمؤلف. _916189 |
|
| 245 | 1 | 0 |
_aتصحيح الفصيح وشرحه / _cلابن درستويه ؛ تحقيق الدكتور محمد بدوي المختون ؛ مراجعة الدكتور رمضان عبد التواب. |
| 264 | 1 |
_aالقاهرة : _bالمجلس الأعلى للشئون الإسلامية، _c1998. |
|
| 300 |
_a590 صفحة : _bإيضاحيات ؛ _c32 سم |
||
| 336 |
_2rdacontent _aنص _btxt |
||
| 337 |
_2rdamedia _aبدون وسيط _bn |
||
| 338 |
_2rdacarrier _aمجلد _bnc |
||
| 500 | _aيشتمل على كشافات. | ||
| 504 | _aيشتمل على إرجاعات ببليوجرافية. | ||
| 541 |
_aألف باء ؛ _cشراء ؛ |
||
| 590 | _aamira yasser | ||
| 600 | 1 | 7 |
_aثعلب، أحمد بن يحيى، _d200-291 هـ.. _tفصيح. _2BUEsh |
| 650 | 7 |
_aاللغة العربية _xنحو. _2BUEsh _916184 |
|
| 653 |
_bARALIT _cJanuary2020 |
||
| 655 | _vReading book | ||
| 700 | 1 |
_915984 _aمختون، محمد بدوي، _eمحقق. |
|
| 700 | 1 |
_915985 _aعبد التواب، رمضان، _d1930- _eمراجع. |
|
| 942 |
_2ddc _cBB |
||